000 00530nam a2200205Ia 4500
005 20250508165045.0
008 008 250505s9999 xx 000 0 hin d
037 _aTextual
040 _aFEDL
_beng
_cFEDL
041 _ahin
_2hin
084 _a891.43, ADV
_qFEDL
100 _aAdvani Kalyan B
_964364
245 0 _aShah Latif
260 _aNew Delhi, India
_bSahitya Akademi
_c1982
300 _a72p.
365 _aINR
_b15
546 _aMACESE
942 _cTEXL
_h891.43, ADV
999 _c1392882
_d1392882